Cinema and society : its influence and importance in different spheres of human life (Record no. 488440)

MARC details
000 -LEADER
fixed length control field 00630nam a2200193Ia 4500
008 - FIXED-LENGTH DATA ELEMENTS--GENERAL INFORMATION
fixed length control field 210417s9999 xx 000 0 und d
020 ## - INTERNATIONAL STANDARD BOOK NUMBER
International Standard Book Number 9788184845334
-- 8184845332
082 ## - DEWEY DECIMAL CLASSIFICATION NUMBER
Classification number 302.23430954 DAY
Item number 22.302.23430954 DAY
245 #0 - TITLE STATEMENT
Title Cinema and society : its influence and importance in different spheres of human life
Statement of responsibility, etc. Cinema and society its influence and importance in different spheres of human life
250 ## - EDITION STATEMENT
Remainder of edition statement "xvii, 287 p.; 28 cm. ; hbk."
260 ## - PUBLICATION, DISTRIBUTION, ETC.
Place of publication, distribution, etc. New Delhi
Name of publisher, distributor, etc. Regal Publications
Date of publication, distribution, etc. 2016
700 ## - ADDED ENTRY--PERSONAL NAME
Personal name Daya Nand Gautam
Numeration Daya Nand Gautam
Holdings
Withdrawn status Lost status Source of classification or shelving scheme Damaged status Not for loan Home library Current library Shelving location Date acquired Total Checkouts Full call number Barcode Date last seen Price effective from Koha item type
    Dewey Decimal Classification     Anna Centenary Library Anna Centenary Library 3RD FLOOR, B WING 17.04.2021   302.23430954 DAY 608755 17.04.2021 17.04.2021 Books

Find us on the map